Stroganoff in the ballet : an omnibus volume ... /

שמור ב:
מידע ביבליוגרפי
מחבר ראשי: Brahms, Caryl, 1901-1982
מחברים אחרים: Simon, S. J., d. 1948 (joint author.)
פורמט: ספר
שפה:English
יצא לאור: London : Joseph, 1975.
LEADER 01068nam a2200277 a 4500
001 c000136430
003 CARM
005 19991220100822.0
008 760429s1975 enk 000 1 eng
010 |a 76359647 //r862 
015 |a GB75-20453 
019 1 |a 193093  |5 LACONCORD2021 
020 |a 071811387X :  |c L.4.95 
035 |a (OCoLC)2238435  |5 LACONCORD2021 
040 |a LC  |b eng  |c LC  |d SUA 
050 0 0 |a PZ3.A157  |b St  |a PR6001.B6 
082 0 4 |a 823/.9/12 
100 1 |a Brahms, Caryl,  |d 1901-1982. 
245 1 0 |a Stroganoff in the ballet :  |b an omnibus volume ... /  |c [by] Caryl Brahms [i.e. D. C. Abrahams] & S. J. Simon. 
260 |a London :  |b Joseph,  |c 1975. 
300 |a 568 p. ;  |c 21 cm. 
505 0 |a A bullet in the ballet.--Casino for sale.--Six curtains for Stroganova. 
700 1 |a Simon, S. J.,  |d d. 1948,  |e joint author. 
852 8 |b CARM  |h A2:AG02C0  |i B03179  |p 0154313  |f BK 
999 f f |i 7c7645c3-f992-56b8-b029-14461fa28a9d  |s 09578962-e5a6-5374-9b62-e6ce661eeb83 
952 f f |p Can circulate  |a CAVAL  |b CAVAL  |c CAVAL  |d CARM 1 Store  |e B03179  |f A2:AG02C0  |h Other scheme  |i book  |m 0154313